02051cam a2200361 i 450000100090000000300040000900500170001300800410003001000170007101500190008801600180010702000430012502000400016803500240020804000550023204200140028705000140030108200140031510000270032924500710035624600240042725000120045126400440046330000660050733600210057333700250059433800230061950000220064250400510066450509080071565000200162365000460164317972130OSt20220302113900.0131216s2015 ctua b 001 0 eng d a 2013957654 aGBB4024232bnb7 a0165971992Uk a9781285423548 (pbk. : student edition) a1285423542 (pbk. : student edition) a(OCoLC)ocn868079612 aUKMGBbengcLCerdadOCLCOdBTCTAdTXJdOCLCFdDLC alccopycat00aHB172.M4704a338.52231 aMcEachern, William A.,10aECON micro: principles of microeconomics. /cWilliam A. McEachern.3 aECON microeconomics a4th ed. 1aStamford, CT:bCengage Learning,c2015. axv, 381 p. , 53 unnumbered p.:bcolour illustrations ;c28 cm atext2rdacontent aunmediated2rdamedia avolume2rdacarrier aTitle from cover. aIncludes bibliographical references and index. aContents: Introduction to economics: The art and science of economic analysis -- Economic tools and economic systems -- Economic decision makers -- Demand, supply and markets -- Introduction to the market system: Elasticity of demand and supply -- Consumer choice and demand -- Production and cost in the firm -- Market structure and pricing: Perfect competition -- Monopoly -- Monopolistic competition and oligopoly -- Resource markets: Resource markets -- Labor markets and labor unions -- Capital, interest, entrepreneurship and corporate finance -- Transaction costs, imperfect information and behavioral economics -- Market failure and public policy: Economic regulation and antitrust policy -- Public goods and public choice -- Externalities and the environment -- Income distribution and poverty -- International economics: International trade -- International finance -- Economic development --  0aMicroeconomics. 7aMicroeconomics.2fast0(OCoLC)fst01019730